[Event "TUR-chT2"]
[Site "Konya"]
[Date "2017.07.14"]
[Round "8.17"]
[White "Cay, Yunus Emre"]
[Black "Turan, Fatih"]
[Result "0-1"]
[WhiteElo "1562"]
[BlackElo "1183"]
[PlyCount "86"]
[EventDate "2017.07.09"]
[EventType "team-swiss"]
[EventRounds "9"]
[EventCountry "TUR"]
[SourceTitle "CBM 179 Extra"]
[Source "ChessBase"]
[SourceDate "2017.08.23"]
[SourceVersion "1"]
[SourceVersionDate "2017.08.23"]
[SourceQuality "1"]
[WhiteTeam "Genclik VE"]
[BlackTeam "Ataturk Univ"]
[WhiteTeamCountry "TUR"]
[BlackTeamCountry "TUR"]

1. e4 Nc6 2. d4 d5 3. e5 Bf5 4. c3 e6 5. Bb5 Nge7 6. Bg5 Qd7 7. Nd2 0-0-0 8. Nb3 h6 9. Nc5 Qe8 10. Qa4 hxg5 11. Ba6 Nxd4 12. Bxb7+ Kb8 13. Qxd4 Rh4 14. Qd1 Qb5 15. b4 Nc6 16. Bxc6 Qxc6 17. Qa4 Qxc5 18. Qb3 Qc4 19. Qxc4 dxc4 20. Ne2 Re4 21. f3 Rxe5 22. Rd1 Bd3 23. Rd2 Be7 24. g4 a5 25. a3 axb4 26. axb4 Kb7 27. Kf2 Rxe2+ 28. Rxe2 Bxe2 29. Kxe2 Rd3 30. Rd1 Rxd1 31. Kxd1 Bf6 32. Kd2 Kb6 33. h3 Kc6 34. Kc2 Kd5 35. Kd2 Be5 36. Kc2 g6 37. Kd2 f5 38. Kc2 Kc6 39. Kd2 Kb5 40. Kc2 Ka4 41. Kb2 Bg7 42. Kc2 Ka3 43. Kd2 Kb3 0-1

[Event "TUR-chT2"]
[Site "Konya"]
[Date "2017.07.12"]
[Round "5.24"]
[White "Subasi, Zeki"]
[Black "Cay, Yunus Emre"]
[Result "0-1"]
[WhiteElo "1707"]
[BlackElo "1562"]
[PlyCount "78"]
[EventDate "2017.07.09"]
[EventType "team-swiss"]
[EventRounds "9"]
[EventCountry "TUR"]
[SourceTitle "CBM 179 Extra"]
[Source "ChessBase"]
[SourceDate "2017.08.23"]
[SourceVersion "1"]
[SourceVersionDate "2017.08.23"]
[SourceQuality "1"]
[WhiteTeam "Genclik Sivas Analiz"]
[BlackTeam "Genclik VE"]
[WhiteTeamCountry "TUR"]
[BlackTeamCountry "TUR"]

1. e4 d5 2. exd5 Nf6 3. d4 Qxd5 4. Nc3 Qa5 5. Bd3 c6 6. h3 e5 7. dxe5 Qxe5+ 8. Nge2 Nh5 9. g4 Nf6 10. Bf4 Qa5 11. Bd2 Qb6 12. Na4 Qc7 13. Bf4 Qa5+ 14. Nac3 Nd5 15. Bd2 Qc5 16. Ng3 Be7 17. Qe2 Be6 18. Nf5 Bxf5 19. gxf5 Nd7 20. Nxd5 Qxd5 21. Rg1 0-0-0 22. Be4 Qc5 23. 0-0-0 Bf6 24. Be3 Qa5 25. Qc4 Qe5 26. c3 Nb6 27. Qb4 Be7 28. f4 Qc7 29. Qb3 Bf6 30. Bf3 Rhe8 31. Bd2 Rd3 32. Rgf1 Red8 33. Bg4 Qd6 34. Rf2 h5 35. Bxh5 Bd4 36. Rf3 Rxd2 37. Rxd2 Be3 38. Rf1 Bxd2+ 39. Kb1 Qd3+ 0-1